<?xml version="1.0" encoding="UTF-8"?>
<marc:record xmlns:marc="http://www.loc.gov/MARC21/slim">
   <marc:leader>00000nam a2200000 a 4500</marc:leader>
   <marc:datafield ind1="1" ind2=" " tag="100">
      <marc:subfield code="a">Robbins, Melanie Lee</marc:subfield>
      <marc:subfield code="4">aut</marc:subfield>
      <marc:subfield code="e">Verfasser/-in</marc:subfield>
   </marc:datafield>
   <marc:datafield ind1="1" ind2=" " tag="100">
      <marc:subfield code="a">Pesch, Ursula</marc:subfield>
      <marc:subfield code="4">trl</marc:subfield>
      <marc:subfield code="e">Übersetzer/-in</marc:subfield>
   </marc:datafield>
   <marc:datafield ind1="1" ind2=" " tag="100">
      <marc:subfield code="a">Hackenberg, Christina</marc:subfield>
      <marc:subfield code="4">trl</marc:subfield>
      <marc:subfield code="e">Übersetzer/-in</marc:subfield>
   </marc:datafield>
   <marc:datafield ind1=" " ind2=" " tag="653">
      <marc:subfield code="a">Ratgeber</marc:subfield>
   </marc:datafield>
   <marc:datafield ind1=" " ind2=" " tag="653">
      <marc:subfield code="a">Gelassenheit</marc:subfield>
   </marc:datafield>
   <marc:datafield ind1=" " ind2=" " tag="653">
      <marc:subfield code="a">New-York-Times-Bestseller</marc:subfield>
   </marc:datafield>
   <marc:datafield ind1=" " ind2=" " tag="653">
      <marc:subfield code="a">let them deutsch</marc:subfield>
   </marc:datafield>
   <marc:datafield ind1=" " ind2=" " tag="653">
      <marc:subfield code="a">brianna wiest</marc:subfield>
   </marc:datafield>
   <marc:datafield ind1=" " ind2=" " tag="653">
      <marc:subfield code="a">atomic habits</marc:subfield>
   </marc:datafield>
   <marc:datafield ind1=" " ind2=" " tag="653">
      <marc:subfield code="a">die 1%-methode</marc:subfield>
   </marc:datafield>
   <marc:datafield ind1=" " ind2=" " tag="653">
      <marc:subfield code="a">essays die dein leben verändern werden</marc:subfield>
   </marc:datafield>
   <marc:datafield ind1=" " ind2=" " tag="653">
      <marc:subfield code="a">nick trenton</marc:subfield>
   </marc:datafield>
   <marc:datafield ind1=" " ind2=" " tag="653">
      <marc:subfield code="a">stop overthinking</marc:subfield>
   </marc:datafield>
   <marc:datafield ind1=" " ind2=" " tag="653">
      <marc:subfield code="a">the mel robbins podcast</marc:subfield>
   </marc:datafield>
   <marc:datafield ind1=" " ind2=" " tag="653">
      <marc:subfield code="a">the let them theory</marc:subfield>
   </marc:datafield>
   <marc:datafield ind1=" " ind2=" " tag="653">
      <marc:subfield code="a">the high 5 habit</marc:subfield>
   </marc:datafield>
   <marc:datafield ind1=" " ind2=" " tag="653">
      <marc:subfield code="a">good girl syndrom</marc:subfield>
   </marc:datafield>
   <marc:datafield ind1=" " ind2=" " tag="653">
      <marc:subfield code="a">die 5 Sekunden Regel</marc:subfield>
   </marc:datafield>
   <marc:datafield ind1=" " ind2=" " tag="653">
      <marc:subfield code="a">Beziehungsprobleme</marc:subfield>
   </marc:datafield>
   <marc:datafield ind1=" " ind2=" " tag="653">
      <marc:subfield code="a">James Clear</marc:subfield>
   </marc:datafield>
   <marc:datafield ind1=" " ind2=" " tag="653">
      <marc:subfield code="a">Selbstzweifel</marc:subfield>
   </marc:datafield>
   <marc:datafield ind1=" " ind2=" " tag="653">
      <marc:subfield code="a">Abby Bernstein</marc:subfield>
   </marc:datafield>
   <marc:datafield ind1="0" ind2="0" tag="245">
      <marc:subfield code="a">Die LET THEM Theorie</marc:subfield>
   </marc:datafield>
   <marc:datafield ind1="0" ind2="0" tag="245">
      <marc:subfield code="b">zwei Worte, die dein Leben verändern werden</marc:subfield>
   </marc:datafield>
   <marc:datafield ind1="0" ind2="0" tag="245">
      <marc:subfield code="c">Mel Robbins ; aus dem Amerikanischen von Christina Hackenberg, Ursula Pesch und Elsbeth Ranke</marc:subfield>
   </marc:datafield>
   <marc:datafield ind1=" " ind2="1" tag="264">
      <marc:subfield code="a">München</marc:subfield>
      <marc:subfield code="b">Goldmann</marc:subfield>
      <marc:subfield code="c">2025</marc:subfield>
   </marc:datafield>
   <marc:datafield ind1=" " ind2=" " tag="250">
      <marc:subfield code="a">2. Auflage, deutsche Erstausgabe</marc:subfield>
   </marc:datafield>
   <marc:datafield ind1="1" ind2=" " tag="520">
      <marc:subfield code="a">Der Schlüssel zu Lebensglück, Erfolg und Liebe steckt in nur zwei Worten. &lt;br/&gt;&lt;br/&gt; &lt;br/&gt;&lt;br/&gt;Dieses lebensverändernde Werkzeug gibt uns die Möglichkeit, unsere Energie nicht mehr für Dinge zu verschwenden, die wir nicht kontrollieren können. Konzentriere dich stattdessen endlich auf dich und darauf, was dir wichtig ist. Deine Ziele. Deine Beziehungen. Dein Leben. &lt;br/&gt;Zwei einfache Worte  Lass sie  werden dich befreien. Befreien von der ständigen Anstrengung, alles und jeden um dich herum kontrollieren zu wollen. Befreien von den Meinungen, den Sorgen, den Emotionen und den Urteilen anderer. &lt;br/&gt;Wer akzeptiert, dass man die Handlungen und Meinungen anderer nicht steuern kann, gewinnt Freiraum, Gelassenheit und Energie, die eigenen Möglichkeiten klarer zu sehen und zu nutzen. Akzeptanz und Wohlwollen stärken uns selbst und unsere Beziehungen. &lt;br/&gt; Lerne, wie du: &lt;br/&gt;· loslässt, worüber du keine Kontrolle hast &lt;br/&gt;· aufhörst, dich mit anderen Menschen zu vergleichen &lt;br/&gt;· Ängste und Selbstzweifel überwindest &lt;br/&gt;· dich von den Erwartungen anderer freimachst &lt;br/&gt;· erfüllende Freundschaften aufbaust &lt;br/&gt;· gesunde Beziehungen und tiefe Verbindungen schaffst &lt;br/&gt;· mit Selbstvertrauen das verfolgst, was dir wirklich wichtig ist &lt;br/&gt;· Resilienz gegen alltägliche Stressoren und Ablenkungen aufbaust &lt;br/&gt;· deinen persönlichen Weg zu Erfolg und Erfüllung findest. &lt;br/&gt;Nachvollziehbar und wissenschaftlich fundiert erklärt Mel Robbins, wie sich ihre bahnbrechende Methode in acht Schlüsselbereichen des Lebens anwenden lässt. Ob im Job, in Beziehungen und Freundschaften oder in der Familie. Voller inspirierender Geschichten, praktischer Erkenntnisse und Ratschläge von Top-Experten ist dieses Buch ein Leitfaden für ein kraftvolleres und glücklicheres Leben. Entdecke, wie zwei Worte dein Leben verändern können!</marc:subfield>
   </marc:datafield>
   <marc:datafield ind1=" " ind2=" " tag="020">
      <marc:subfield code="a">9783442180653</marc:subfield>
      <marc:subfield code="9">9783442180653</marc:subfield>
   </marc:datafield>
   <marc:datafield ind1=" " ind2=" " tag="041">
      <marc:subfield code="a">ger</marc:subfield>
   </marc:datafield>
   <marc:datafield ind1=" " ind2=" " tag="300">
      <marc:subfield code="b">Illustrationen</marc:subfield>
   </marc:datafield>
   <marc:datafield ind1="1" ind2=" " tag="521">
      <marc:subfield code="a">0</marc:subfield>
   </marc:datafield>
   <marc:datafield ind1=" " ind2=" " tag="300">
      <marc:subfield code="a">364 Seiten</marc:subfield>
   </marc:datafield>
</marc:record>
